000
00315pam a2200133 a 4500
020
_c
041
_h
082
_a
708
_b
BAC
100
_a
Grosvonor Vadehra .
245
_a
Bacon Freud Mehata Souza
_h
Textual Documents
260
_a
[s.l]:
_b
Vadhera Art Gallery,
_c
2007.
300
_a
100:
_b
Hard.
930
_a
7069
999
_c
240859
_d
240859